59 - Né(es) un 28 février - Statistiques

Statistiques générales
  • Ce quiz a été pris 10 fois
  • Le résultat moyen est 3 sur 5
Statistiques - réponses
Hint Année de naissance Réponse % Correct
Écrivain, dramaturge français. Académicien. Auteur de "Topaze", Trilogie marseillaise", La Femme du boulanger", Manon des sources", Souvenirs d'enfance". 1895 Marcel Pagnol
100%
Philosophe, humaniste, écrivain, moraliste français de la Renaissance. Connu notamment pour "Les Essais". 1533 Michel Eyquem|Michel de Montaigne|Montaigne
100%
Joueur de football italien. Gardien de but. Champion du monde en 1982. Âgé alors de 40 ans, il est le plus vieux vainqueur d'une Coupe du monde. 1942 Dino Zoff
50%
Acteur américain. Vu dans "The Big Lebowski", "Barton Fink", "Quiz Show", "The Night Of", "Transformers". Prix d'interprétation masculine pour Barton Fink au Festival de Cannes en 1991. 1957 John Turturro
50%
Pilote automobile italo-américain. Champion du monde de Formule 1 en 1978. Vainqueur des 500 miles d'Indianapolis en 1969, des 500 miles de Daytona en 1967. 1940 Mario Andretti
25%
Aucun quiz correspondant
Distribution des résultats
% des personnes avec chaque résultat
Percentile par nombre de réponses
Votre historique - résultats
Vous n’avez pas pris ce quiz